header

Visualising intangibles (Record no. 38537)

MARC details
000 -LEADER
fixed length control field 01305nam a2200325Ia 4500
082 04 - DEWEY DECIMAL CLASSIFICATION NUMBER
Classification number 657/.73
245 00 - TITLE STATEMENT
Title Visualising intangibles
260 ## - PUBLICATION, DISTRIBUTION, ETC. (IMPRINT)
Place of publication Aldershot, England ;
-- Burlington, VT :
Name of publisher Ashgate,
Year of publication c2007.
300 ## - PHYSICAL DESCRIPTION
Number of Pages xiv, 268 p. :
Other physical details ill.
650 #0 - SUBJECT ADDED ENTRY--TOPICAL TERM
Topical Term Intangible property
Topical Term Intellectual capital.
700 1# - ADDED ENTRY--PERSONAL NAME
Personal name Zambon, Stefano.
Personal name Marzo, Giuseppe.
856 40 - ELECTRONIC LOCATION AND ACCESS
Uniform Resource Identifier http://site.ebrary.com/lib/rucke/Doc?id=10228265

No items available.

© 2026 Rongo University
Contact us: librarian | system librarian | Rongo university